| Tag |
First Indicator |
Second Indicator |
Subfields |
| LEADER |
00000cam a2200000 a 4500 |
| 001 |
in00000086948 |
| 005 |
20151008064638.0 |
| 008 |
800710s1978 nr 00100 eng d |
| 035 |
|
|
|a (OCoLC)06505047
|
| 035 |
|
|
|9 AAK4548AM
|
| 040 |
|
|
|a OSU
|c OSU
|d TXA
|d UtOrBLW
|
| 049 |
|
|
|a TXAM
|c [1407095]
|
| 090 |
|
|
|a QK495.L52
|b W75
|
| 245 |
0 |
4 |
|a The Winged bean (Psophocarpus tetragonolobus) and other Psophocarpus species :
|b abstracts of world literature 1900-1978.
|
| 264 |
|
1 |
|a Ibadan, Nigeria :
|b International Grain Legume Information Centre,
|c 1978.
|
| 300 |
|
|
|a iii, 68 pages ;
|c 29 cm.
|
| 336 |
|
|
|a text
|b txt
|2 rdacontent
|
| 337 |
|
|
|a unmediated
|b n
|2 rdamedia
|
| 338 |
|
|
|a volume
|b nc
|2 rdacarrier
|
| 490 |
1 |
|
|a Information series / International Grain Legume Information Centre ;
|v no. 2
|
| 500 |
|
|
|a Includes indexes.
|
| 500 |
|
|
|a Spine title: Winged beans.
|
| 650 |
|
0 |
|a Winged bean
|x Abstracts.
|
| 650 |
|
0 |
|a Legumes
|x Abstracts.
|
| 710 |
2 |
|
|a International Grain Legume Information Centre.
|
| 830 |
|
0 |
|a Information series (International Grain Legume Information Centre) ;
|v no. 2.
|
| 999 |
|
|
|a MARS
|
| 999 |
f |
f |
|s 0d9c36dd-0d55-3818-9856-5fafe7982cbe
|i 1a0c5d70-9f9b-3254-bf21-03450b418b29
|t 0
|
| 952 |
f |
f |
|p ric
|a Texas A&M University
|b Rellis Campus
|c Joint Library Facility
|d Remote Storage
|t 0
|e QK495.L52 W75
|h Library of Congress classification
|i unmediated -- volume
|m A14806218894
|
| 998 |
f |
f |
|a QK495.L52 W75
|t 0
|l Remote Storage
|